Sinnvoller Fremdsprachenunterricht mit Mind und Concept Maps
Zmysluplné učenie v oblasti výučby cudzích jazykov pomocou mapových techník. Príklady uvedených techník vo výučbe cudzích jazykov (pomocou príkladu lekcie DaF) - podpora práce s vizuálnymi prezentáciami a analýza odborných textov väčšieho rozsahu.
Uložené v:
| Hlavný autor: | |
|---|---|
| Médium: | Kapitola |
| Jazyk: | German |
| Predmet: | |
| Tagy: |
Žiadne tagy, Buďte prvý, kto otaguje tento záznam!
|
MARC
| LEADER | 00000naa$a2200000$$$4500 | ||
|---|---|---|---|
| 001 | 0238913 | ||
| 005 | 20250430103437.4 | ||
| 041 | 0 | |a ger | |
| 044 | |a CZ | ||
| 245 | 1 | 0 | |a Sinnvoller Fremdsprachenunterricht mit Mind und Concept Maps |c Jana Kucharová |
| 520 | |a Zmysluplné učenie v oblasti výučby cudzích jazykov pomocou mapových techník. Príklady uvedených techník vo výučbe cudzích jazykov (pomocou príkladu lekcie DaF) - podpora práce s vizuálnymi prezentáciami a analýza odborných textov väčšieho rozsahu. | ||
| 610 | 2 | 0 | |a jazyky cudzie |
| 610 | 2 | 0 | |a vyučovanie |
| 610 | 2 | 0 | |a metodika |
| 610 | 2 | 0 | |a metódy |
| 610 | 2 | 0 | |a didaktika |
| 610 | 2 | 0 | |a mapy |
| 100 | 1 | |a Kucharová, Jana, 1981- | |